Congrés de Serveis Socials Municipals, Sitges, Barcelona, 2, 3 i 4 de març de 1995 / programa organitzat per Diputació de Barcelona. Àrea de Serveis Socials
Descripción Física:
[20] p. ; 21 cm
Otros Autores:
Espanya. Ministerio de Asuntos Sociales
Materias:
Serveis socials -- Congressos
MARC
| LEADER | 00000nam a2200000Ia 4500 | ||
|---|---|---|---|
| 001 | 10722 | ||
| 008 | 160829s1995?] xx 000 0 cat d | ||
| 080 | |a FU-11-66 | ||
| 100 | |a Congrés de Serveis Socials Municipals (1995 : Sitges) |9 26713 | ||
| 245 | |a Congrés de Serveis Socials Municipals, Sitges, Barcelona, 2, 3 i 4 de març de 1995 / programa organitzat per Diputació de Barcelona. Àrea de Serveis Socials | ||
| 260 | |a Barcelona : |b [l'Àrea, |c 1995?] | ||
| 300 | |a [20] p. ; |c 21 cm | ||
| 590 | |a Text en català i castellà. A peu de la coberta, Ministerio de Asuntos Sociales, Federación Española de Municipios y Provincias, Diputació de Barcelona. Àrea de Serveis Socials. | ||
| 650 | |a Serveis socials |x Congressos |9 24401 | ||
| 700 | |a Espanya. Ministerio de Asuntos Sociales |9 26714 | ||
| 710 | |a Barcelona (Catalunya : Província). |b Àrea de Serveis Socials |9 53159 | ||
| 710 | |a Federación Española de Municipios y Províncias |9 15759 | ||
| 901 | |a Arxiu | ||
| 942 | |n 1 |2 udc | ||
| 952 | |0 0 |1 0 |4 0 |6 FU1166 |7 1 |9 44111 |a Arxiu |b Arxiu |d 2016-12-01 |l 0 |o FU-11-66 |p 10722 |r 2016-12-01 00:00:00 |w 2016-12-01 |y ARXIU | ||
| 999 | |c 46691 |d 46691 | ||